00770pam a2200229 a 4500999001500000001000500015003000900020005001700029008004100046020001500087040002800102082002100130100001800151245005400169260003300223300004100256504005100297650003600348650002500384942001200409952011900421 c7204d72049401BD-DhUAP20210117125807.0201221s2002 ii a b 001 0 eng  a0752215590 aDLCcDLCdBD-DhUAPbeng00a818.5402 ADA223 aAdams, Scott. aDilbert and the way of the weasel /cScott Adams. aLondon : bBoxtree, cc2002. a350 pages :billustrations ;c22 cm. aIncludes bibliographical references and index. aDilbert (Fictitious character)  aManagement -- Humor. 2ddccBK 00102ddc4070aUAPCLbDBASLcGeneral Stacksd2021-01-17o818.5402 ADAp3010009401r2021-01-17t1w2021-01-17yBK